banner koha

Efeitos de fontes e doses de enxofre na cultura da colza (Brassica napus L. var. oleifera). 1: producao de graos e teores de oleo e proteina (Registro n. 133399)

MARC details
000 -LÍDER
campo de controle de tamanho fixo 01013nas a2200301 4500
001 - NÚMERO DE CONTROLE
campo de controle BR9204071
003 - IDENTIFICADOR DO NÚMERO DE CONTROLE
campo de controle BR-BrBNA
005 - DATA E HORÁRIO DA ÚLTIMA TRANSAÇÃO
campo de controle 20231205092702.0
007 - CAMPO FIXO DE DESCRIÇÃO FÍSICA--INFORMAÇÃO GERAL
campo de controle de tamanho fixo ta
008 - CAMPO DE DADOS FIXOS--INFORMAÇÃO GERAL
campo de controle de tamanho fixo 230509b bl.|||p| |||| 00| 00por d
040 ## - FONTE DA CATALOGAÇÃO
Instituição da catalogação original BR-BrBNA
Idioma da catalogação por
Instituição que transcreveu o registro Biblioteca Nacional de Agricultura
041 ## - CÓDIGO DE IDIOMA
Código do idioma do texto/trilha sonora ou título diferente (Pt)
072 ## - CÓDIGO DE CATEGORIA DE ASSUNTO
Código de Categoria de Assunto F61; Q04
100 1# - ENTRADA PRINCIPAL--NOME PESSOAL
Nome pessoal Fornasieri Filho, D.
100 1# - ENTRADA PRINCIPAL--NOME PESSOAL
Nome pessoal Vitti, G.C.
100 1# - ENTRADA PRINCIPAL--NOME PESSOAL
Nome pessoal Lam-Sanchez, A.
245 1# - TÍTULO
Título Efeitos de fontes e doses de enxofre na cultura da colza (Brassica napus L. var. oleifera). 1: producao de graos e teores de oleo e proteina
246 1# - FORMA VARIANTE DO TÍTULO
Título/título abreviado Effects of sources and rates of sulfur in rape (Brassica napus L. var. oleifera). 1: chemical composition of seeds
650 ## - ASSUNTO--TERMO TÓPICO
Cabeçalho tópico ou nome geográfico COLZA
650 ## - ASSUNTO--TERMO TÓPICO
Cabeçalho tópico ou nome geográfico ENXOFRE
650 ## - ASSUNTO--TERMO TÓPICO
Cabeçalho tópico ou nome geográfico OLEO VEGETAL
650 ## - ASSUNTO--TERMO TÓPICO
Cabeçalho tópico ou nome geográfico PROTEINA
650 ## - ASSUNTO--TERMO TÓPICO
Cabeçalho tópico ou nome geográfico COMPOSICAO QUIMICA
650 ## - ASSUNTO--TERMO TÓPICO
Cabeçalho tópico ou nome geográfico GRAO
773 0# - ENTRADA ANALÍTICA
Título Cientifica (Brazil)
ISSN - International Standard Serial Number ISSN 0100-0039
Partes relacionadas (1990), v. 18(1) p. 55-60
Número de controle do registro BR9204071
909 ## -
-- 202311
-- Lúcia
-- 55
-- Lúcia Elande
942 ## - ELEMENTOS DE ENTRADA ADICIONADOS (KOHA)
Fonte da classificação ou esquema de arquivamento na estante Classificação AGRIS
Ocultar no OPAC Não
Tipo de material Koha Analítica
Exemplares
Situação do descarte Fonte da classificação ou esquema de arquivamento na estante Situação física Não pode ser emprestado Biblioteca de origem Biblioteca atual Localização na estante Enumeração do periódico / cronologia Total de empréstimos Data de último acesso Número do exemplar Tipo de material Koha Fonte de aquisição
  Classificação AGRIS   Consulta local Biblioteca Nacional de Agricultura - Binagri Biblioteca Nacional de Agricultura - Binagri   (1990), v. 18(1) p. 55-60   29/11/2023 01 Periódicos Portaria Interministerial nº 164/94

BINAGRI

Telefone: (61)3218-2567/2388/3357/2097 - binagri@agro.gov.br

Ministério da Agricultura e Pecuária , Esplanada dos Ministérios, Bloco D, Anexo B, Brasília/DF, CEP: 70.043-900